<?xml version="1.0" encoding="UTF-8"?>
<marc:record xmlns:marc="http://www.loc.gov/MARC21/slim">
   <marc:leader>00000nam a2200000 a 4500</marc:leader>
   <marc:datafield ind1=" " ind2=" " tag="653">
      <marc:subfield code="a">Spiel</marc:subfield>
   </marc:datafield>
   <marc:datafield ind1=" " ind2=" " tag="653">
      <marc:subfield code="a">Alter: 4-8</marc:subfield>
   </marc:datafield>
   <marc:datafield ind1=" " ind2=" " tag="653">
      <marc:subfield code="a">Spieler: 2-4</marc:subfield>
   </marc:datafield>
   <marc:datafield ind1=" " ind2=" " tag="653">
      <marc:subfield code="a">fördert räumliches Denken</marc:subfield>
   </marc:datafield>
   <marc:datafield ind1="0" ind2="0" tag="245">
      <marc:subfield code="a">Labyrinth Junior</marc:subfield>
   </marc:datafield>
   <marc:datafield ind1="0" ind2="0" tag="245">
      <marc:subfield code="b">Cars</marc:subfield>
   </marc:datafield>
   <marc:datafield ind1=" " ind2="1" tag="264">
      <marc:subfield code="a">Ravensburg</marc:subfield>
      <marc:subfield code="b">Ravensburger Spieleverlag</marc:subfield>
      <marc:subfield code="c">2011</marc:subfield>
   </marc:datafield>
   <marc:datafield ind1="1" ind2=" " tag="520">
      <marc:subfield code="a">Schiebe-Spaß mit allen Auto-Freunden aus dem Kinofilm Cars 2!&#xD;
&#xD;
Rennwagen Lightning McQueen, Abschleppwagen Hook und Agent Finn McMissle düsen durch die Straßen des Großstadt-Labyrinths. Die Spieler des Kinderspiels Disney Cars 2 Junior Labyrinth versuchen, diese Autos zu erwischen. Aber oft endet ihr Weg in einer Sackgasse. Durch geschicktes Verschieben der Straßen entstehen auf einmal neue Wege und der Spieler kommt schnell zu seinem Ziel. Es läuft! Doch stopp! Plötzlich hat ein Gegenspieler die Straße verschoben und sie endet an einer Wand. Wer findet in diesem abgewandelten Spieleklassiker den schnellsten Weg zu den Cars-Freunden? Und wer gewinnt so den rasanten Schiebe-Spaß? Disney Cars 2 Junior Labyrinth verläuft bei jeder Runde anders, ist daher immer wieder spannend und wegen seiner lustigen Motive vor allem bei jüngeren Spielern sehr beliebt. Seit über 25 Jahren begeistert das einfache und einzigartige Spielprinzip ‚Labyrinth‘ Millionen von Menschen. Diese Version eignet sich perfekt für Spieleeinsteiger.</marc:subfield>
   </marc:datafield>
   <marc:datafield ind1=" " ind2=" " tag="300">
      <marc:subfield code="a">1 Spielplan, 4 Spielfiguren, 12 Geheimnis-Chips, 17 Gänge-Karten</marc:subfield>
   </marc:datafield>
</marc:record>
